Normale Ansicht MARC-Ansicht ISBD

Russkoe kirilličeskoe pis'mo XI-XVIII vv. (Titelsatznr. 14599)

[ MARC ]
MARC-Details
000 -Satzkennung
Kontrollfeld mit fester Länge 00548nam a22002171c 4500
001 - Kontrollnummer
Kontrollfeld a987677378
008 - Feld mit fester Länge zur physischen Beschreibung - Allgemeine Angaben
Kontrollfeld mit fester Länge 161012s2010 gw |||| 000u rus d
020 ## - Internationale Standardbuchnummer
Internationale Standardbuchnummer 9785728111078
Verknüpfung 978-5-7281-1107-8
041 ## - Sprachcode
Sprachcode des Textes/der Tonspur oder des separaten Titels rus
040 ## - Katalogisierungsquelle
Übertragungsstelle RU-10907106
003 - Kontrollnummer Identifier
Kontrollfeld RU-10907106
100 1# - Haupteintragung - Personenname
Personenname Čekunova, Antonina E.
245 00 - Titel
Titel Russkoe kirilličeskoe pis'mo XI-XVIII vv.
264 ## - Produktion, Veröffentlichung, Distribution, Herstellung und Urheberrechtsvermerk
Herstellungs-, Veröffentlichungs- Vertriebs-, Erzeugungsort Moskva :
Produzent, Herausgeber, Distributor, Hersteller RGGU,
Datum der Herstellung, der Veröffentlichung, des Vertriebs oder des Urheberschutzvermerks 2010
300 ## - Physische Beschreibung
Umfang 287 S.
650 #0 - Nebeneintragung unter einem Schlagwort - Sachschlagwort
Sachschlagwort oder geografischer Name als Eintragungselement Paläographie
650 #0 - Nebeneintragung unter einem Schlagwort - Sachschlagwort
Sachschlagwort oder geografischer Name als Eintragungselement Handschrift
650 #0 - Nebeneintragung unter einem Schlagwort - Sachschlagwort
Sachschlagwort oder geografischer Name als Eintragungselement Skoropis'
655 #0 - Indexierungsterm - Genre/Form
Genre/Form oder fokussierter Term
942 ## - Zusätzliche Felder (Koha)
Koha-Medientyp Monographien
Exemplare
Ausgeschieden Verloren Klassifikation oder Aufstellungssystematik Beschädigt Nicht entleihbar Heimatbibliothek Aufenthaltsbibliothek Aufstellungsort Erwerbungsdatum Inventarnummer Signatur Barcode Letzte Aktivität Preis gültig von Koha-Medientyp
    Andere/Generische Klassifikation     MWN Osteuropa MWN Osteuropa Lesesaal - 1 12/10/2016 16-03364 Ersatzß G 30 a 217 E004015073CA782D 23/02/2021 22/03/2021 Monographien